| 000 | 00796nam a22002297a 4500 | ||
|---|---|---|---|
| 005 | 20170124110105.0 | ||
| 010 | _aA-794504 | ||
| 020 | _c260.00 | ||
| 035 | _aA-794504 | ||
| 037 | _bCen Lib/Ret | ||
| 040 |
_aDPL _bEN |
||
| 082 |
_a954.922 _bNAN |
||
| 100 |
_aNanda, Meera _927869 |
||
| 245 |
_aEuropean travel accounts during the reigns of Shahjahan and Aurangzeb / _cby Meera Nanda |
||
| 260 |
_aKurukshetra _bNirmal Book Agency _c1994 |
||
| 270 |
_aRailway Road Opp. Oriential Bank of Commerce _bKurukshetra _e132118 |
||
| 300 |
_aviii,187p. _c21cm(Hb) |
||
| 500 | _aIncludes bibliographical references and index | ||
| 650 |
_aMogul Empire -- Description and travel _927870 |
||
| 650 |
_aEuropeans -- India -- History _927871 |
||
| 942 |
_2ddc _cEN _h954.922 _mNAN |
||
| 999 |
_c129949 _d129949 |
||